<?xml version="1.0" encoding="UTF-8"?>
<collection xmlns="http://www.loc.gov/MARC21/slim">
 <record>
  <leader>01902nam a22002777a 4500</leader>
  <controlfield tag="001">NCT_71158</controlfield>
  <controlfield tag="008">190927b        xxu||||| |||| 00| 0 vie d</controlfield>
  <datafield tag="999" ind1=" " ind2=" ">
   <subfield code="c">3463</subfield>
   <subfield code="d">3463</subfield>
  </datafield>
  <datafield tag="020" ind1=" " ind2=" ">
   <subfield code="c">20000</subfield>
  </datafield>
  <datafield tag="082" ind1="0" ind2="4">
   <subfield code="2">23rd ed.</subfield>
   <subfield code="a">370.152</subfield>
   <subfield code="b">Ch312</subfield>
  </datafield>
  <datafield tag="245" ind1="1" ind2="0">
   <subfield code="a">Cuộc sống là những chọn lựa </subfield>
   <subfield code="c">Đào Chính, Đoan Nghiêm (biên soạn)</subfield>
  </datafield>
  <datafield tag="250" ind1=" " ind2=" ">
   <subfield code="a">In lần thứ 2</subfield>
  </datafield>
  <datafield tag="260" ind1=" " ind2=" ">
   <subfield code="a">Tp. Hồ Chí Minh</subfield>
   <subfield code="b">Trẻ</subfield>
   <subfield code="c">2009</subfield>
  </datafield>
  <datafield tag="300" ind1=" " ind2=" ">
   <subfield code="a">165 tr.</subfield>
   <subfield code="c">21cm</subfield>
  </datafield>
  <datafield tag="490" ind1="0" ind2=" ">
   <subfield code="a">Thiền và nghệ thuật đối diện với cuộc đời</subfield>
  </datafield>
  <datafield tag="500" ind1=" " ind2=" ">
   <subfield code="a">Theo nguyên bản: Choices: Taking control of your life and making it matter của Malody Beattie.</subfield>
  </datafield>
  <datafield tag="520" ind1="3" ind2=" ">
   <subfield code="a">Quyển sách này viết về những chọn lựa rất đời thường, dành cho mọi lứa tuổi và giới tính giúp các bạn có thể thức tỉnh và chú tâm để làm chủ đời mình bằng ý chí tự do của mình, định đoạt cuộc sống của bản thân trong dòng đời xô đẩy.</subfield>
  </datafield>
  <datafield tag="653" ind1=" " ind2=" ">
   <subfield code="a">Sách tham khảo</subfield>
  </datafield>
  <datafield tag="700" ind1="1" ind2=" ">
   <subfield code="a">Đào Chính</subfield>
   <subfield code="e">Biên soạn</subfield>
  </datafield>
  <datafield tag="700" ind1="0" ind2=" ">
   <subfield code="a">Đoan Nghiêm</subfield>
   <subfield code="e">Biên soạn</subfield>
  </datafield>
  <datafield tag="942" ind1=" " ind2=" ">
   <subfield code="2">ddc</subfield>
   <subfield code="c">BK</subfield>
  </datafield>
  <datafield tag="952" ind1=" " ind2=" ">
   <subfield code="0">0</subfield>
   <subfield code="1">0</subfield>
   <subfield code="2">ddc</subfield>
   <subfield code="4">0</subfield>
   <subfield code="6">370_152000000000000_CH312</subfield>
   <subfield code="7">0</subfield>
   <subfield code="9">18037</subfield>
   <subfield code="a">000001</subfield>
   <subfield code="b">000001</subfield>
   <subfield code="d">2019-09-27</subfield>
   <subfield code="o">370.152 Ch312</subfield>
   <subfield code="p">TK.01788</subfield>
   <subfield code="r">2019-09-27</subfield>
   <subfield code="v">20000.00</subfield>
   <subfield code="w">2019-09-27</subfield>
   <subfield code="y">BK</subfield>
  </datafield>
  <datafield tag="952" ind1=" " ind2=" ">
   <subfield code="0">0</subfield>
   <subfield code="1">0</subfield>
   <subfield code="2">ddc</subfield>
   <subfield code="4">0</subfield>
   <subfield code="6">370_152000000000000_CH312</subfield>
   <subfield code="7">0</subfield>
   <subfield code="9">18038</subfield>
   <subfield code="a">000001</subfield>
   <subfield code="b">000001</subfield>
   <subfield code="d">2019-09-27</subfield>
   <subfield code="o">370.152 Ch312</subfield>
   <subfield code="p">TK.01789</subfield>
   <subfield code="r">2019-09-27</subfield>
   <subfield code="v">20000.00</subfield>
   <subfield code="w">2019-09-27</subfield>
   <subfield code="y">BK</subfield>
  </datafield>
  <datafield tag="952" ind1=" " ind2=" ">
   <subfield code="0">0</subfield>
   <subfield code="1">0</subfield>
   <subfield code="2">ddc</subfield>
   <subfield code="4">0</subfield>
   <subfield code="6">370_152000000000000_CH312</subfield>
   <subfield code="7">0</subfield>
   <subfield code="9">18039</subfield>
   <subfield code="a">000001</subfield>
   <subfield code="b">000001</subfield>
   <subfield code="d">2019-09-27</subfield>
   <subfield code="l">1</subfield>
   <subfield code="o">370.152 Ch312</subfield>
   <subfield code="p">TK.01790</subfield>
   <subfield code="r">2019-10-05</subfield>
   <subfield code="s">2019-10-05</subfield>
   <subfield code="v">20000.00</subfield>
   <subfield code="w">2019-09-27</subfield>
   <subfield code="y">BK</subfield>
  </datafield>
  <datafield tag="952" ind1=" " ind2=" ">
   <subfield code="0">0</subfield>
   <subfield code="1">0</subfield>
   <subfield code="2">ddc</subfield>
   <subfield code="4">0</subfield>
   <subfield code="6">370_152000000000000_CH312</subfield>
   <subfield code="7">0</subfield>
   <subfield code="9">18040</subfield>
   <subfield code="a">000001</subfield>
   <subfield code="b">000001</subfield>
   <subfield code="d">2019-09-27</subfield>
   <subfield code="o">370.152 Ch312</subfield>
   <subfield code="p">TK.01791</subfield>
   <subfield code="r">2019-09-27</subfield>
   <subfield code="v">20000.00</subfield>
   <subfield code="w">2019-09-27</subfield>
   <subfield code="y">BK</subfield>
  </datafield>
  <datafield tag="980" ind1=" " ind2=" ">
   <subfield code="a">Thư viện Trường Đại học Nam Cần Thơ</subfield>
  </datafield>
 </record>
</collection>
